000 00657nam a2200241Ia 4500
003 OSt
005 20220918223549.0
006 a|||||r|||| 00| 0
007 ta
008 220917b |||||||| |||| 00| 0 eng d
024 _a223,710
037 _cTextual
040 _aARTS
_cARTS
_beng
041 _2eng
_aeng
082 _aY:439:5, P2
100 _aSacks Jonathan
_9146038
245 0 _aDignity of difference
_b How to avoid the clash of civilization
260 _aLondon
_bContinuum
_c2002
300 _aviii, 216p.
_ccm.
650 _aSOCIOLOGY
942 _hY:439:5, P2
_cTEXL
_2CC
999 _c278817
_d278817